| 000 | 00680nam a22001697a 4500 | ||
|---|---|---|---|
| 999 |
_c60984 _d60984 |
||
| 005 | 20231204113955.0 | ||
| 008 | 231204s1973 ru ||||| |||| 00| 0 rus d | ||
| 041 | _arus | ||
| 080 | _a72.032(495.112) Б-89 | ||
| 100 |
_aБрунов, Н.И. _920563 |
||
| 245 |
_aПамятники Афинского Акрополя : _bПарфенон и Эрехтейон / _cН.И. Брунов. |
||
| 264 |
_aМ.: _b«Искусство». _c1973. |
||
| 300 |
_a174 c.: _bил.; _c22 см. |
||
| 653 | _aათენის აკროპოლისის ძეგლები | ||
| 653 | _aპართენონი და ერეხთეონი | ||
| 942 |
_2udc _cᲬᲘᲒᲜᲘ |
||